|
|
|
|
| LEADER |
00000nam a2200000 a 4500 |
| 001 |
UCQ3578 |
| 003 |
CL-VaPUC |
| 008 |
980821e19740000SP |||||||||||||||||spa|d |
| 082 |
0 |
4 |
|a 461
|b POL
|2 21
|
| 100 |
0 |
|
|a Polo, José
|e author
|9 417807
|
| 245 |
1 |
0 |
|a Ortografía y ciencia del lenguaje
|
| 300 |
|
|
|a 580 p
|
| 942 |
|
|
|c BK
|
| 945 |
|
|
|d 19980821 00:00:00
|a crobeson
|
| 260 |
|
|
|a Madrid
|b Paraninfo
|c 1974
|
| 650 |
|
0 |
|a Español
|9 255372
|
| 650 |
|
0 |
|a Ortografía
|9 309144
|
| 650 |
|
0 |
|a Prosodia
|9 334439
|
| 650 |
|
0 |
|a Lingüística
|9 265068
|
| 650 |
|
7 |
|a LINGUISTICA DESCRIPTIVA
|2 CL-VaPUC
|9 417808
|
| 583 |
|
|
|a last modification
|c 19980821 00:00:00
|k Rodrigo Vera
|
| 999 |
|
|
|c 274099
|d 274097
|
| 952 |
|
|
|0 0
|1 0
|4 0
|6 461_000000000000000_POL_1974
|7 0
|8 A
|9 310158
|a BIBEDU
|b BIBEDU
|d 2019-11-20
|i 1455710
|o 461 POL 1974
|p 1455710
|r 2019-11-20
|w 2019-11-20
|y BK
|k LIT
|
| 952 |
|
|
|0 0
|1 0
|4 0
|6 461_000000000000000_POL_1974
|7 0
|8 A
|9 310159
|a BIBEDU
|b BIBEDU
|d 2019-11-20
|i 3798186
|o 461 POL 1974
|p 3798186
|r 2019-11-20
|w 2019-11-20
|y BK
|k LIT
|